Quizzes
Events
Quiz Creation
Community
Videos
Private Events
Remove Ads
Sign In
Join for FREE
Feedback
Dark Mode
Quiz Categories
Sports
Geography
Music
Movies
Television
Just For Fun
Miscellaneous
History
Literature
Language
Science
Gaming
Entertainment
Religion
Holiday
For Kids
Quiz Lab
Recent
Popular Today
Quiz Kudos Today
Editor Picks
Curator Picks
Quizzes by...
Day
Popularity
Type
Ratings
Length
Year
Community
Subscriptions
Recent Discussions
Orange Saloon
Badges
Playlists
Quests
Create
Leaderboards
Showdown
Live 5
Trivia Bingo
Activity
Puzzle Library
Sporcle Events
Private Events
Virtual Trivia
Globe League
Become a Host
Pub Owners
SporcleCon
Opinionation
Our Games
Videos
Blog
Mobile Apps
Partnerships
Remove Ads and Go Orange
Feedback
Sports
Athletes
MLB
NBA
NHL
NFL
Soccer
Sports Teams
WWE
NCAA
Football
Premier League
Basketball
Baseball
Hockey
Golf
Tennis
Cricket
Rugby
Auto Racing
Olympics
World Cup
Sports
Athletes
MLB
NBA
NHL
NFL
Soccer
Sports Teams
WWE
NCAA
Football
Premier League
Basketball
Baseball
Hockey
Golf
Tennis
Cricket
Rugby
Auto Racing
Olympics
World Cup
Random Quiz
Search Sporcle
×
Quiz Lab
Quiz Lab
Sports
NFL
Type in answers that appear in a list
Type in answers that appear in a list
Classic
Best Score? Go Orange.
NFC(NFL) Championship Game Touchdowns (Super Bowl Era) Stats
Can you name the players who SCORED TDs in NFC(NFL) Championship games?
By
SporcleEXP
20m
220 Questions
460 Plays
460 Plays
460 Plays
Comments
Comments
Give Quiz Kudos
Give Quiz Kudos
-
- Ratings
hide this ad
More Info
Replay
Link that replays current quiz
Next Quiz
Link to next quiz in quiz playlist
You Got
0%
They Got
Avg Score
57%
Avg Friend Score
Upgrade to see
Score Distribution
Jump to the score distribution portion of the page
Score
0/220
Timer
20:00
0
Plays Today
Year
Name
% Correct
1992
Emmitt Smith
95.2%
1992
Emmitt Smith
95.2%
1993
Emmitt Smith
95.2%
1993
Emmitt Smith
95.2%
1994
Emmitt Smith
95.2%
1994
Emmitt Smith
95.2%
1995
Emmitt Smith
95.2%
1995
Emmitt Smith
95.2%
1995
Emmitt Smith
95.2%
2005
Steve Smith
95.2%
1988
Jerry Rice
93%
1988
Jerry Rice
93%
1992
Jerry Rice
93%
1994
Jerry Rice
93%
2009
Sidney Rice
92.4%
1989
Brent Jones
89.8%
2006
Thomas Jones
89.8%
2006
Thomas Jones
89.8%
2012
Julio Jones
88.9%
2012
Julio Jones
88.9%
1989
John Taylor
87.6%
1990
John Taylor
87.6%
1972
Charley Taylor
87.2%
1972
Charley Taylor
87.2%
2010
Chester Taylor
87.2%
1994
Michael Irvin
87%
1994
Michael Irvin
87%
1995
Michael Irvin
87%
1995
Michael Irvin
87%
1976
Sammy Johnson
85%
1982
Butch Johnson
85%
2002
Keyshawn Johnson
85%
1998
Randy Moss
84.3%
2013
Marshawn Lynch
83.4%
2014
Marshawn Lynch
82.6%
2001
Marshall Faulk
81.5%
2001
Marshall Faulk
81.5%
2005
Darrell Jackson
81.5%
2008
DeSean Jackson
81.3%
1974
Harold Jackson
81.1%
1976
Harold Jackson
81.1%
1995
Keith Jackson
81.1%
1998
Jamal Anderson
81.1%
1989
Roger Craig
80.9%
2014
Russell Wilson
80.8%
1981
Dwight Clark
80.7%
1981
Dwight Clark
80.7%
1987
Gary Clark
80.7%
1991
Gary Clark
80.7%
1992
Steve Young
80.7%
1993
Steve Young
80.7%
1994
Steve Young
80.7%
2001
Donovan McNabb
80.7%
2011
Vernon Davis
80.6%
2011
Vernon Davis
80.6%
2001
Isaac Bruce
80.2%
2002
Ronde Barber
80.2%
2012
Frank Gore
79.4%
2012
Frank Gore
79.4%
2005
Drew Carter
79.3%
2005
Shaun Alexander
78.5%
2005
Shaun Alexander
78.5%
2012
Vernon Davis
78.5%
1982
John Riggins
78.3%
1982
John Riggins
78.3%
1983
John Riggins
78.3%
1983
John Riggins
78.3%
1977
Tony Dorsett
78%
1978
Tony Dorsett
78%
1980
Tony Dorsett
78%
1981
Tony Dorsett
78%
1970
Duane Thomas
77%
1971
Duane Thomas
77%
2008
Larry Fitzgerald
77%
Year
Name
% Correct
2008
Larry Fitzgerald
77%
2008
Larry Fitzgerald
77%
2009
Pierre Thomas
76.7%
2009
Pierre Thomas
76.7%
1981
Johnny Davis
76.3%
1994
Eric Davis
76.3%
1967
Bart Starr
75.4%
2006
Marques Colston
73.9%
2007
Donald Driver
73.7%
1968
Timmy Brown
72.8%
1982
Charlie Brown
72.8%
1983
Charlie Brown
72.8%
1991
Art Monk
72%
2000
Amani Toomer
72%
2006
Reggie Bush
70.7%
2009
Reggie Bush
70.7%
1996
Antonio Freeman
70.4%
1997
Antonio Freeman
70.4%
1993
Ricky Watters
70%
1994
Ricky Watters
70%
2009
Adrian Peterson
69.1%
2009
Adrian Peterson
69.1%
2009
Adrian Peterson
69.1%
1971
Calvin Hill
68.5%
1981
Tony Hill
68.5%
2010
Aaron Rodgers
67.8%
2003
Muhsin Muhammad
67%
1991
Willie Green
66.1%
1991
Darrell Green
66.1%
2007
Brandon Jacobs
66.1%
1986
Joe Morris
65.4%
1996
Dorsey Levens
65.2%
1997
Dorsey Levens
65.2%
2004
Dorsey Levens
65.2%
2007
Ahmad Bradshaw
64.3%
1975
Preston Pearson
64.1%
1975
Preston Pearson
64.1%
1975
Preston Pearson
64.1%
1982
Drew Pearson
64.1%
1983
Mike Wilson
64.1%
1983
Mike Wilson
64.1%
1993
Jay Novacek
63.3%
1993
Alvin Harper
63.3%
2013
Anquan Boldin
62.5%
1985
Willie Gault
61.3%
1996
Edgar Bennett
60.7%
2010
Earl Bennett
60.4%
2004
Warrick Dunn
60.2%
1973
Chuck Foreman
59.1%
1976
Chuck Foreman
59.1%
2011
Mario Manningham
59%
1985
Jim McMahon
58%
1966
Max McGee
57%
1999
Ricky Proehl
56.3%
1969
Gary Collins
56.1%
2012
Tony Gonzalez
55.1%
1978
Thomas Henderson
54.6%
2009
Devery Henderson
54.6%
2002
Mike Alstott
54.1%
1982
Darryl Grant
53.7%
1998
Randall Cunningham
52.6%
1998
Terance Mathis
52.6%
1998
Terance Mathis
52.6%
2003
DeShaun Foster
52%
1988
Tom Rathman
51.7%
1993
Tom Rathman
51.7%
2001
Duce Staley
50.4%
2002
Duce Staley
50.4%
2012
LaMichael James
49.2%
1980
Wilbert Montgomery
49.1%
1995
Robert Brooks
49.1%
1995
Robert Brooks
49.1%
2004
Chad Lewis
48.9%
2004
Chad Lewis
48.9%
Year
Name
% Correct
1987
Leo Lewis
48.7%
1992
Daryl Johnston
47%
1993
Daryl Johnston
47%
1969
Joe Kapp
45.4%
1984
Wendell Tyler
45%
1985
Wilber Marshall
44.8%
1991
Gerald Riggs
43.5%
1991
Gerald Riggs
43.5%
1980
Leroy Harris
43%
2013
Jermaine Kearse
42.8%
2010
James Starks
42.4%
2008
Brent Celek
42%
2008
Brent Celek
42%
1992
Kelvin Martin
39.8%
2014
Jermaine Kearse
39.3%
1966
Dan Reeves
39.1%
2014
Randall Cobb
38.8%
1966
Boyd Dowler
38.7%
1967
Boyd Dowler
38.7%
1967
Boyd Dowler
38.7%
1969
Gene Washington
38.7%
1981
Freddie Solomon
38.7%
1983
Freddie Solomon
38.7%
1984
Freddie Solomon
38.7%
1977
Robert Newhouse
37.6%
1973
Golden Richards
37.2%
1975
Golden Richards
37.2%
1977
Golden Richards
37.2%
1994
William Floyd
37%
2000
Ike Hilliard
36.5%
2000
Ike Hilliard
36.5%
2006
Cedric Benson
35.9%
2007
Donald Lee
35.7%
1976
Lawrence McCutcheon
33.7%
1978
Billy Joe Dupree
33.3%
2010
BJ Raji
33.3%
1973
Bobby Bryant
32.8%
1976
Bobby Bryant
32.8%
1987
Kelvin Bryant
32.8%
2005
Jerramy Stevens
32.2%
2013
Anthony Dixon
31.1%
1966
Elijah Pitts
31.1%
1968
Tom Matte
29.6%
1968
Tom Matte
29.6%
1968
Tom Matte
29.6%
1970
Walt Garrison
29.3%
2001
Todd Pinkston
26.7%
1988
John Frank
23.9%
2008
Tim Hightower
23.3%
2014
Garry Gilliam
21.9%
2011
Bear Pascoe
18.9%
1973
John Gilliam
18.5%
2006
Bernard Berrian
18.5%
1969
Dave Osborn
18%
1974
Dave Osborn
18%
2000
Joe Jurevicius
16.1%
1986
Lionel Manuel
15.7%
1966
Don Perkins
14.8%
1966
Carroll Dale
13.9%
1967
Lance Rentzel
12.4%
2000
Greg Comella
11.1%
1996
Howard Griffith
10.9%
1981
Doug Cosbie
9.6%
1998
Matthew Hatchette
7.8%
1966
Frank Clarke
6.3%
1966
Jim Grabowski
4.1%
1967
George Andrie
3%
1975
John Cappelletti
2.8%
1997
Chuck Levy
2.2%
1978
Scott Laidlaw
1.7%
1974
Jim Lash
1.5%
1970
Dick Witcher
1.3%
Quiz Playlist
Details
Report
Send in Message
Add To Playlist
More Info:
YEAR is year of the season-- not date of game. Includes NFL Title games 1966-1969 and NFC Championships 1970-2014
Classic:
Type in answers that appear in a list
Quiz Source
Last Updated: Feb 16, 2017
Quiz Scoreboard
CHALLENGE
Sign Up to Join the Scoreboard
Show All
Scores
Hide
Comments
May contain spoilers
Recently Published
Click the 1999 NBA Draft
by nibperrychub
Sports
2m
Alphabetical 'K' Countries by Flag Minefield
by ylime102
Geography
3m
Pick 6: Fruits
by JohnFran
Miscellaneous
15s
More to Explore
Quiz From the Vault
Featured Blog Post
15 Basketball Trivia Facts You Can Be March Mad About
hide this ad
You Might Also Like...
Tags
Football Quiz
NFL Quiz
Championship
Championship Game
nfc
NFC Champion
NFC Championship
Playoff Games
Super Bowl
Touchdown
Touchdown Scorers
Today's Top Quizzes in Sports
Browse Sports
hide this ad
Today's Top Quizzes in NFL
Browse NFL
Top Contributed Quizzes in Sports
1
Les joueurs à 100 buts en Ligue 1 Uber Eats
2
Pick 6: NFL Teams
3
MLB 2 truths and a lie: Hall of Fame pitchers
4
Criteria MLB: Left Handed Sluggers
5
2022 World Cup Stars
6
Don't Strike Out: 3000 Strikeouts
7
Millionaire: NBA Finals Edition
8
Pick 6: Minor League Baseball
9
Click the 1998 NBA Draft
10
Pick 6: Olympics
Explore More
Trending Topics
Crossword
Marvel
Anime
Disney
NBA
Kpop
Harry Potter
Soccer
The Office
Song
WWE
Pokémon
NFL
Country
Puzzle
hide this ad
More By:
SporcleEXP
Quiz
Plays
Rating
Category
Featured
Created
Harry Potter Deaths in Order Minefield
3,060,386
4.18
Literature
Jan 27, 2016
Sins, Dwarfs, and Spice Girls
846,636
4.42
Just For Fun
Apr 11, 2012
Ancient History Bunker
706,573
4.28
History
Jan 20, 2014
Movie Posters VI
678,028
4.37
Movies
Nov 12, 2010
Movie Posters VII
620,918
4.44
Movies
Apr 16, 2011
Go to Creator's Profile
Score Distribution
Quiz Creator Spotlight
SporcleEXP
Follow
Send a Message
Quizzes Created
-
Created Quiz Play Count
-
More By This Creator
Popular Quizzes Today
1
Countries of Asia Without Outlines Minefield
2
Find the US States - No Outlines Minefield
3
Pick 6: Fruits
4
Alphabetical 'K' Countries by Flag Minefield
5
The Countries of the World
6
Find the US States
7
US States
8
Match the Book to the Film X
More Sports Quizzes
Rugby or Dickens?
Curator's Pick
Trending Quizzes
Pick 6: Mountains
Pick 6: Harry Potter
Pick 6: NFL Teams
Pick 6: Movie Franchises
Pick 6: Golfers
Recently Updated
NWSL Teams
pecheneg
Women's Final Four Teams by Year
bhenderson79
Presidents Quartet II
eogle
Anything But Clue(do)
eogle
Anything But Oceanian Capitals
eogle
Anything But 7
eogle
Anything But Thing
eogle
Word Ladder: February 29
pecheneg
Song Title Questions
pecheneg
Women's NCAA Tournament #1 Seeds
pecheneg
Trending Topics
Harry Potter
NBA
Anime
Crossword
Disney
Marvel
Kpop
Puzzle
Country
The Office
NFL
Song
Pokémon
WWE
Soccer
Your Account Isn't Verified!
In order to create a playlist on Sporcle, you need to verify the email address you used during registration. Go to your
Sporcle Settings
to finish the process.
Report this User
Report this user for behavior that violates our
Community Guidelines
.
Details:
Send Report
Go to the Sporcle.com Mobile Site →
Comments